000 00956nac a22002657a 4500
001 BR8902528
003 BR-BrBNA
005 20240105120951.0
008 230509b bl.|||m| |||| 00| 0 por d
040 _aBR-BrBNA
_bpor
_cBiblioteca Nacional de Agricultura
072 _aP01; F50; F70
090 _aP01 BR8902528
100 1 _aSenna, L.M. de
110 1 _aSociedade Botanica do Brasil, Rio de Janeiro, RJ (Brasil)
_99614
245 1 _aActinostemon Kl. (Euphorbiaceae)- Aspectos morfologicos, anatomicos e taxinomicos. 3 - Actinostemon concolor (Spreng)Mull. Arg. var. concolor
260 3 _aRio de Janeiro, RJ (Brasil):
_c1985.
300 _a12 p.
490 _aAtas da Sociedade Botanica do Brasil (Brazil)
_vv. 3(5)
_x
500 _a7 illus.; 16 ref.; Summaries (En, Pt)
650 _aEUPHORBIACEAE
650 _aANATOMIA VEGETAL
650 _aTAXONOMIA VEGETAL
909 _a202312
_bLúcia Elande
_c55
_dLúcia Elande
942 _2AGRIS
_n0
_cMS
999 _c282499
_d282499